Les plus gros partenaires commerciaux - Tchequie - Statistiques

Statistiques générales
  • Ce quiz a été pris 80 fois
  • Le résultat moyen est 21 sur 23
Statistiques - réponses
exportations importations pays % Correct
52,3 Md 37,4 Md Allemagne
99%
8,39 Md 4,48 Md France
99%
6,79 Md 6,06 Md Italie
99%
3,48 Md 3,28 Md Etats-Unis
97%
4,66 Md 3,32 Md Hongrie
97%
4,61 Md 3,74 Md Pays-Bas
97%
9,22 Md 11,6 Md Pologne
97%
8,42 Md 3,75 Md Royaume-Uni
97%
6,80 Md 4,05 Md Autriche
96%
3,72 Md 2,41 Md Belgique
96%
1,92 Md 17,8 Md Chine
96%
3,05 Md 2,81 Md Russie
96%
4,56 Md 2,62 Md Espagne
94%
13,6 Md 7,13 Md Slovaquie
94%
2,40 Md Suède
94%
2,42 Md Japon
92%
2,36 Md 1,40 Md Suisse
92%
2,16 Md 1.41 Md Turquie
89%
2,08 Md 1,87 Md Roumanie
83%
1,64 Md Danemark
79%
3,48 Md Corée du Sud
75%
1,26 Md Irlande
68%
0,96 Md Israël
28%
Aucun quiz correspondant
Distribution des résultats
% des personnes avec chaque résultat
Percentile par nombre de réponses
Votre historique - résultats
Vous n’avez pas pris ce quiz